Gala 6 OT2025 - Estadísticas

Estadísticas generales
  • Esta prueba ha sido intentada 44 veces
  • La puntuación promedio es 6 de 9
Estadísticas de respuestas
Imagen Hint Respuesta % Correcto
Claudia Arenas y Crespo Dos gardenias
95%
Cristina Je me casse
85%
Téyou y Tinho Agua
82%
Laura Muñoz y María Cruz Diamonds
79%
Olivia y Guillo Rist El principio de algo
69%
Crespo Can't hold us
67%
Lucía Casani Tu falta de querer
62%
Grupal Make your own kind of music
38%
Max You will be found
33%
No se encontraron pruebas coincidentes
Distribución de puntuación
Porcentaje de gente con cada puntuación
Porcentaje por número respondido
Historial de tus puntuaciones
No has intentado esta prueba.